02728cam a22003255a 45000010009000000050017000090080041000260100017000670200019000840200015001030400028001180420008001460820020001541000030001742450114002042600048003183000033003665000024003995040031004235050283004545201310007376500050020476500036020976500052021336510010021856530025021959420024022209990017022449520141022611863851520160810143614.0150601s2015 nyua frb 001 0 eng d a 2015018576 a9780071843652  a0071843655 aDLCbengcDLCdEG-ScBUE apcc04222a006.78bEJS1 aEjsmont, Artur‏.94071710aWeb scalability for startup engineers :btips & techniques for scaling your Web application /cArtur Ejsmont. aNew York :bMcGraw-Hill Education,cc.2015. axix, 396 p. :bill. ;c24 cm aIndex : p. 379-396. aBibliography : p. 364-377.8 aCh 1. Core Concepts of Scalability -- Ch 2. Principles of Good Software Design -- Ch 3. Building the Front End Layer -- Ch 4. Web Services -- Ch 5. Data Layer -- Ch 6. Caching -- Ch 7. Asynchronous Processing -- Ch 8. Searching for Data -- Ch 9. Other Dimensions of Scalability. a"Design and build scalable web applications quickly.This is an invaluable roadmap for meeting the rapid demand to deliver scalable applications in a startup environment. With a focus on core concepts and best practices rather than on individual languages, platforms, or technologies, Web Scalability for Startup Engineers describes how infrastructure and software architecture work together to support a scalable environment.You'll learn, step by step, how scalable systems work and how to solve common challenges. Helpful diagrams are included throughout, and real-world examples illustrate the concepts presented. Even if you have limited time and resources, you can successfully develop and deliver robust, scalable web applications with help from this practical guide. Learn the key principles of good software design required for scalable systems. Build the front-end layer to sustain the highest levels of concurrency and request rates. Design and develop web services, including REST-ful APIs. Enable a horizontally scalable data layer. Implement caching best practices. Leverage asynchronous processing, messaging, and event-driven architecture. Structure, index, and store data for optimized search. Explore other aspects of scalability, such as automation, project management, and agile teams"-- 7aComputer networksxScalability.2BUEsh940716 7aWeb applications.2BUEsh940715 7aApplication softwarexDevelopment.2BUEsh94599 2BUEsh bCOMSCIcAugust 2016  2ddce22k006.78 EJS c22157d22129 00102ddc40708BaccahaMAINbMAINcLOWd2016-08-10ePurchaseg380.00h25842l0o006.78 EJSp000033212r2025-07-15 00:00:00v475.00yBB